| 000 | 00486nam a2200145Ia 4500 | ||
|---|---|---|---|
| 008 | 230917s9999||||xx |||||||||||||| ||und|| | ||
| 040 |
_e165525 _aMAIN |
||
| 041 | _aEnglish | ||
| 082 | _a891.43301731 SR44B | ||
| 100 | _aसांभरिया, रत्नकुमार | ||
| 245 | 0 | _aबाँग और अन्य लधुकथाएँ | |
| 260 |
_aजयपुर _bविवेक पब्लिशिंग हाउस _c1996 |
||
| 300 | _a140 पृ. p. | ||
| 942 | _cHN | ||
| 999 |
_c96591 _d96591 |
||